Maharastra / (Record no. 312)

MARC details
000 -LEADER
fixed length control field 00876 a2200253 4500
010 ## - LIBRARY OF CONGRESS CONTROL NUMBER
LC control number ENG-84758
020 ## - INTERNATIONAL STANDARD BOOK NUMBER
International Standard Book Number 8179911012
Terms of availability 534.00
035 ## - SYSTEM CONTROL NUMBER
System control number EN-68291
037 ## - SOURCE OF ACQUISITION
Source of stock number/acquisition D.B.Act / Pub
082 ## - DEWEY DECIMAL CLASSIFICATION NUMBER
Classification number 306.095441
090 ## - LOCALLY ASSIGNED LC-TYPE CALL NUMBER (OCLC); LOCAL CALL NUMBER (OCLC)
-- 314
-- 314
100 1# - MAIN ENTRY--PERSONAL NAME
Personal name Singh, K. S.
245 10 - TITLE STATEMENT
Title Maharastra /
Statement of responsibility, etc [general editor] K.S. Singh.
260 ## - PUBLICATION, DISTRIBUTION, ETC. (IMPRINT)
Place of publication, distribution, etc Calcutta
Name of publisher, distributor, etc Anthropological Survey of India,
Date of publication, distribution, etc 1992-<2005>
260 ## - PUBLICATION, DISTRIBUTION, ETC. (IMPRINT)
Place of publication, distribution, etc Mumbai
Name of publisher, distributor, etc Popular Prakashan
Date of publication, distribution, etc 2004
270 ## - ADDRESS
Address 35-C, Madan Mohan Malviya Marg, Popular Press Building
City Mumbai :
State or province Maharashtra
Postal code 400034
300 ## - PHYSICAL DESCRIPTION
Extent v. XXX, pt.2(787-1502p)
Dimensions 25 cm. (Hb)
490 ## - SERIES STATEMENT
Series statement Popular of India
520 ## - SUMMARY, ETC.
Summary, etc Ethnological study.
650 #0 - SUBJECT ADDED ENTRY--TOPICAL TERM
Topical term or geographic name as entry element Ethnology
Geographic subdivision India.
710 2# - ADDED ENTRY--CORPORATE NAME
Corporate name or jurisdiction name as entry element Anthropological Survey of India.
942 ## - ADDED ENTRY ELEMENTS (KOHA)
Institution code [OBSOLETE] dpl
Koha item type English Books
Call number prefix 306.095441 / PEO
Holdings
Withdrawn status Lost status Source of classification or shelving scheme Damaged status Not for loan Collection code Home library Current library Source of acquisition Cost, normal purchase price Total Checkouts Full call number Barcode Date last seen Copy number Uniform Resource Identifier Cost, replacement price Price effective from Koha item type
    Dewey Decimal Classification   Not For Loan Non-fiction D.B.Act.Division D.B.Act.Division DBAD/PUB 534.00   306.095441 EN-68291 15/09/2008 1 321 534.00 15/09/2008 English Books

© Delhi Public Library
Hit Counter
free hit counter